El hombre en las nuevas redes de las nuevas tecnologa̕s

Bibliographic Details
Main Author: Cortš-Boussac, Andrea
Format: eBook
Language:Spanish
Published: Bogot ̀: Universidad Sergio Arboleda, 2009
Subjects:
Online Access:http://vlex.com/source/hombre-nuevas-redes-nuevas-tecnologias-10930

MARC

LEADER 00000nam a22000007a 4500
005 20130328181003.0
007 cr|||| ||||
008 130328e2009 ck |||||s|||| 00||0 spa d
020 |a 978-958-8350-43-1 
035 |a 10930 
040 |a vLex 
090 |c 4081  |d 4081 
100 1 0 |a Cortš-Boussac, Andrea  
245 1 3 |a El hombre en las nuevas redes de las nuevas tecnologa̕s  |c / Andrea Cortš-Boussac   |h [Recurso electrn̤ico]  
256 |a Servicio en ln̕ea 
260 |a Bogot ̀:  |b Universidad Sergio Arboleda,   |c 2009 
300 |a 1 Recurso electrn̤ico 
506 |a Contenido solo disponible en los productos indicados  |d vLex Global  |d vLex Global (Academic Edition, excluding Law Schools)  |d vLex Global (U.S. Academic Edition, Law Schools)  |d vLex Global (U.S. Academic Edition, excluding Law Schools)  |d vLex Global (Academic Edition, Law Schools) 
650 0 4 |a Derecho de las nuevas tecnologa̕s  |z Colombia 
650 0 4 |a Derechos en la red 
740 |a vLex Libros (Servicio en ln̕ea) 
856 |a Acceso restringido  |u http://vlex.com/source/hombre-nuevas-redes-nuevas-tecnologias-10930 
942 |c BOOK